000 01523nam a22002537a 4500
001 9598
003 FISKH
005 20260126091925.0
008 260126b cb ||||| |||| 00| 0 eng d
020 _a9780008588199
040 _aFISKH
_beng
_cFISKH
_dFISKH
050 _aPZ7.1 .R728 .D
082 _a813.6
100 _aRoss, Rebecca
_eAuthor
245 _aDivine rivals /
_cRebecca Ross
260 _aLondon :
_bHarperCollins Publishers Ltd ,
_c2023
300 _a374 pages :
_c20 cm
490 _aLetters of enchantment
_v1
520 _aAfter centuries of sleep, the gods are warring again. But eighteen-year-old Iris Winnow just wants to hold her family together. Her mother is suffering from addiction and her brother is missing from the front lines. Her best bet is to win the columnist promotion at the Oath Gazette. To combat her worries, Iris writes letters to her brother and slips them beneath her wardrobe door, where they vanish into the hands of Roman Kitt, her cold and handsome rival at the paper. When he anonymously writes Iris back, the two of them forge a connection that will follow Iris all the way to the front lines of battle: for her brother, the fate of mankind, and love. Shadow and Bone meets Lore in Rebecca Ross's Divine Rivals, an epic enemies-to-lovers fantasy novel filled with hope and heartbreak, and the unparalleled power of love.
650 _aHistorical fantasy
_vHistorical fiction
650 _aLetters of enchantment series
_vMagic
942 _2ddc
_cBK
_n0
999 _c9598
_d9598